书目信息 |
| 题名: |
气候变化与欧洲排放交易
|
|
| 作者: | 皮特斯 , 福尔 主编 ;羊志洪 , 鞠美庭 译 | |
| 分册: | ||
| 出版信息: | 北京 化学工业出版社 2011.6 |
|
| 页数: | 236页 | |
| 开本: | 26cm | |
| 丛书名: | 环境科学与工程系列 | |
| 单 册: | ||
| 中图分类: | X511.05 | |
| 科图分类: | ||
| 主题词: | 欧洲联盟--ou zhou lian meng--有害气体--大气扩散--污染防治--研究 | |
| 电子资源: | ||
| ISBN: | 978-7-122-10160-0 | |
| 000 | 01650oam2 2200337 45 | |
| 001 | 512 | |
| 005 | 20120604094050.79 | |
| 010 | @a978-7-122-10160-0@dCNY68.00 | |
| 100 | @a20120328d2011 em y0chiy0110 ea | |
| 101 | 1 | @achi@ceng |
| 102 | @aCN@b110000 | |
| 105 | @aak a 000yy | |
| 106 | @ar | |
| 200 | 1 | @a气候变化与欧洲排放交易@AQi Hou Bian Hua Yu Ou Zhou Pai Fang Jiao Yi@f(荷) 迈克尔·福尔,麦金·皮特斯主编@F( He ) Mai Ke Er· Fu Er, Mai Jin· Pi Te Si Zhu Bian@dClimate change and european emissions trading : lessons for theory and practice@fMichael Faure, Marjan Peeters@g鞠美庭等译@zeng |
| 210 | @a北京@c化学工业出版社@d2011.6 | |
| 215 | @a236页@c图@d26cm | |
| 225 | 2 | @a环境科学与工程系列@e引进版 |
| 304 | @a题名页题: 鞠美庭, 羊志洪, 郭彩霞, 黄访等译 | |
| 306 | @a本收中文简体字版由Edward Elgar Publishing Limited授权化学工业出版社独家出版发行 | |
| 320 | @a有书目 | |
| 330 | @a全书共分为14章。主要内容包括欧盟温室气体排放交易、“排放交易计划”判例法、欧盟排放交易和污染者付费原则、欧盟排放交易计划的经济影响、美国应对温室气体泄漏的区域监管措施、英国的国内措施、欧盟排放交易计划与其他排放交易计划的衔接等。 | |
| 461 | 0 | @12001 @a环境科学与工程系列 (引进版) |
| 510 | 1 | @aClimate change and european emissions trading : lessons for theory and practice@zeng |
| 606 | 0 | @a欧洲联盟@Aou zhou lian meng@x有害气体@x大气扩散@x污染防治@x研究 |
| 690 | @aX511.05@v5 | |
| 701 | 0 | @a皮特斯@APi Te Si@g(Peeters, Marjan)@4主编 |
| 701 | 0 | @a福尔@AFu Er@g(Faure, Michael)@4主编 |
| 702 | 0 | @a羊志洪@AYang Zhi Hong@4译 |
| 702 | 0 | @a鞠美庭@AJu Mei Ting@4译 |
| 801 | 0 | @aCN@bTSTCL@c20120328 |
| 905 | @b0813293-99@dX511.05@e107@f7 | |
| 气候变化与欧洲排放交易/(荷) 迈克尔·福尔,麦金·皮特斯主编=Climate change and european emissions trading : lessons for theory and practice/Michael Faure, Marjan Peeters/鞠美庭等译.-北京:化学工业出版社,2011.6 |
| 236页:图;26cm.-(环境科学与工程系列:引进版) |
| ISBN 978-7-122-10160-0:CNY68.00 |
| 全书共分为14章。主要内容包括欧盟温室气体排放交易、“排放交易计划”判例法、欧盟排放交易和污染者付费原则、欧盟排放交易计划的经济影响、美国应对温室气体泄漏的区域监管措施、英国的国内措施、欧盟排放交易计划与其他排放交易计划的衔接等。 |
| ● |
| 相关链接 |
|
|
|
|
正题名:气候变化与欧洲排放交易
索取号:X511.05/107
 
预约/预借
| 序号 | 登录号 | 条形码 | 馆藏地/架位号 | 状态 | 备注 |
| 1 | 0813293 | 208132938 | 第二样本阅览室/ [索取号:X511.05/107] | 在馆 | |
| 2 | 0813294 | 208132947 | 第三借阅区/ [索取号:X511.05/107] | 在馆 | |
| 3 | 0813295 | 208132956 | 第三借阅区/ [索取号:X511.05/107] | 在馆 | |
| 4 | 0813296 | 208132965 | 第三借阅区/ [索取号:X511.05/107] | 在馆 | |
| 5 | 0813297 | 208132974 | 第三借阅区/ [索取号:X511.05/107] | 在馆 | |
| 6 | 0813298 | 208132983 | 第三借阅区/ [索取号:X511.05/107] | 在馆 | |
| 7 | 0813299 | 208132992 | 第三借阅区/ [索取号:X511.05/107] | 在馆 |